000 00472nam a22001817a 4500
005 20260515115106.0
008 250819b |||||||| |||| 00| 0 eng d
020 _a9789382750505
040 _aIN-DiNC
_cIN-DiNC
041 _dasm
082 _a891.4513
_bBOR
100 _aBora, Mahim
_eauthor
245 _aEdhani mahir hanhi/
_cby Mahim Bora
260 _aDibrugarh:
_bBanalata,
_c2013.
300 _a89p.
650 _aAssamese novel by Mahim Bora
942 _2ddc
_cBK
999 _c12166
_d12166